| 000 | 01257cam a22003134a 4500 | ||
|---|---|---|---|
| 001 | 3103228 | ||
| 005 | 20170105102839.0 | ||
| 008 | 990308s1999 ctuab b 001 0deng | ||
| 010 | _a 99024887 | ||
| 020 | _a0300079710 (cloth : alk. paper) | ||
| 040 |
_aDLC _cDLC _dDLC |
||
| 042 | _apcc | ||
| 043 | _aa------ | ||
| 050 | 0 | 0 |
_aG370.P9 _bL27 1999 |
| 082 | 0 | 0 |
_a915.042 _221 |
| 100 | 1 |
_aLarner, John, _d1930-2008. |
|
| 245 | 1 | 0 |
_aMarco Polo and the discovery of the world / _cby John Larner. |
| 260 |
_aNew Haven : _bYale University Press, _cc1999. |
||
| 300 |
_axiii, 250 p. : _bill. (some col.), col. maps ; _c25 cm. |
||
| 504 | _aIncludes bibliographical references (p. [224]-242). | ||
| 600 | 1 | 0 |
_aPolo, Marco, _d1254-1323? _tTravels of Marco Polo. |
| 650 | 0 | _aVoyages and travels. | |
| 650 | 0 | _aTravel, Medieval. | |
| 651 | 0 |
_aAsia _xDescription and travel _vEarly works to 1800. |
|
| 906 |
_a7 _bcbc _corignew _d1 _eocip _f19 _gy-gencatlg |
||
| 942 |
_2ddc _cBK |
||
| 999 |
_c13789 _d13789 |
||